000 01956nam a22001817a 4500
999 _c39018
_d39018
020 _a9780415775052
082 _a108
_bDAV-D
100 _aCunning, David
245 _aDescartes/
_cDavid Cunning.
260 _aNew York:
_bRoutledge,
_c2024.
300 _a410p.
_bInclude Glossary and Index.
504 _aInclude Bibliography.
520 _aRené Descartes (1596–1650) is well-known for his introspective turn away from sensible bodies and toward non-sensory ideas of mind, body, and God. Such a turn is appropriate, Descartes supposes, but only once in the course of life, and only to arrive at a more accurate picture of reality that we then incorporate in everyday embodied life. In this clear and engaging book David Cunning introduces and examines the full range of Descartes’ philosophy. A central focus of the book is Descartes’ view that embodied human beings become more perfect to the degree that they move in the direction of finite approximations of independence, activity, immutability, and increased knowledge. Beginning with an introduction and a chapter on Descartes’ life and works, Cunning also addresses the following key topics: Descartes on the wonders of the material universe skepticism as epistemic garbage, and the easy dissolution of hyperbolic doubt Descartes’ three arguments for the existence of God the ontology of possibility and necessity freedom and embodiment arguments for the immateriality of mind sensible bodies and the pragmatic certainty by which to navigate them Descartes’ stoic view on how best to live. Descartes is an outstanding introduction to one of the greatest of Western philosophers. Including a chronology, suggestions for further reading, and a glossary of key terms, it is essential reading for anyone studying Descartes and the history of modern philosophy.
650 _aPhilosophy
650 _aThought and thinking
700 _aBrian Leiter
_eEditor
942 _2ddc
_cBK